Qui té por de la Virginia Woolf ? / Edward Albee ; traducció de Jordi Arbonès ; pròleg de Josep M. Carandell
Publicado:
Barcelona . Institut del Teatre. Diputació de Barcelona :
1991
Descripción Física:
171 p. ; 18 cm
Colección:
Biblioteca teatral ; 76
MARC
| LEADER | 00000nam a2200000Ia 4500 | ||
|---|---|---|---|
| 001 | 9573 | ||
| 008 | 160829s1991 xx 000 0 cat d | ||
| 080 | |a L-1-261 | ||
| 100 | |a Albee, Edward |9 26544 | ||
| 245 | |a Qui té por de la Virginia Woolf ? / Edward Albee ; traducció de Jordi Arbonès ; pròleg de Josep M. Carandell | ||
| 260 | |a Barcelona . Institut del Teatre. Diputació de Barcelona, |c 1991 | ||
| 300 | |a 171 p. ; |c 18 cm | ||
| 490 | |a Biblioteca teatral ; 76 | ||
| 700 | 1 | |a Arbonès, Jordi |e traductor |9 26269 | |
| 700 | 1 | |a Carandell, Josep Maria, |d 1934-2003 |e autor del pròleg |9 42674 | |
| 710 | 1 | |a Institut del Teatre (Barcelona, Catalunya) |9 52662 | |
| 901 | |a Arxiu | ||
| 942 | |n 1 |2 udc | ||
| 952 | |0 0 |1 0 |4 0 |6 L1261 |7 1 |9 44053 |a Arxiu |b Arxiu |d 2016-12-01 |l 0 |o L-1-261 |p 9573 |r 2016-12-01 00:00:00 |w 2016-12-01 |y ARXIU | ||
| 999 | |c 46633 |d 46633 | ||